| 000 | 00846nam a2200217 a 4500 | ||
|---|---|---|---|
| 999 |
_c2833 _d2833 |
||
| 005 | 20200104041536.0 | ||
| 008 | 140121b1998 ck ||||| |||| 00| 0 spa d | ||
| 040 |
_aCO-BoIAVH _cCO-BoIAVH |
||
| 041 | _aeng | ||
| 044 | _ack | ||
| 082 | 0 | 4 |
_a333.7 _bM66c |
| 110 | 2 | _aInstituto de Investigación de Recursos Biológicos Alexander von Humboldt | |
| 245 | 1 | 0 |
_aColombia first national report : _bprogress in the implementation of the convention on biological diversity |
| 260 |
_aBogotá : _bMinambiente, _c1998 |
||
| 300 |
_a53 páginas : _bilustraciones ; _c29 x 21 cm. |
||
| 650 | 2 | 6 |
_aBiodiversidad _vestado del conocimiento _zColombia |
| 650 | 2 | 6 |
_aBiodiversidad _vconservación _zColombia |
| 650 | 2 | 6 |
_aPolítica ambiental _zColombia |
| 710 | 1 |
_aColombia. _bMinisterio del Medio Ambiente |
|
| 942 |
_cLIBRO _2ddc |
||